| 000 | 00620cam a2200229 a 4500 | ||
|---|---|---|---|
| 008 | |||
| 020 | _a0471408263 (pbk.) | ||
| 049 | _aMAIN | ||
| 090 |
_aQA303 _bCAL |
||
| 245 | 0 | 0 |
_aCalculus / _cDeborah Hughes-Hallett ... [et al.]. |
| 250 | _a3rd ed. | ||
| 260 |
_aNew York : _bJohn Wiley, _cc2002. |
||
| 300 |
_axvi, 623 p. : _bill ; _c28 cm. |
||
| 500 | _aIncludes index. | ||
| 650 | 0 | _aCalculus. | |
| 700 | 1 | _aHughes-Hallett, Deborah. | |
| 907 |
_a.b1034438x _b15-10-14 _c10-07-14 |
||
| 003 | |||
| 005 | 20230123122107.0 | ||
| 040 | _cNUST | ||
| 942 |
_cBOOKS _kQA303 _mCAL |
||
| 999 |
_c127694 _d127694 |
||